|
|
|
|
| LEADER |
03435nam a22005055i 4500 |
| 001 |
978-88-470-1527-2 |
| 003 |
DE-He213 |
| 005 |
20151204155754.0 |
| 007 |
cr nn 008mamaa |
| 008 |
100415s2010 it | s |||| 0|ita d |
| 020 |
|
|
|a 9788847015272
|9 978-88-470-1527-2
|
| 024 |
7 |
|
|a 10.1007/978-88-470-1527-2
|2 doi
|
| 040 |
|
|
|d GrThAP
|
| 050 |
|
4 |
|a BF1-990
|
| 072 |
|
7 |
|a JM
|2 bicssc
|
| 072 |
|
7 |
|a PSY000000
|2 bisacsh
|
| 082 |
0 |
4 |
|a 150
|2 23
|
| 100 |
1 |
|
|a Pellegrino, Ferdinando.
|e author.
|
| 245 |
1 |
0 |
|a Personalità e autoefficacia
|h [electronic resource] :
|b Come allenare ragione ed emozioni /
|c by Ferdinando Pellegrino.
|
| 264 |
|
1 |
|a Milano :
|b Springer Milan,
|c 2010.
|
| 300 |
|
|
|a VIII, 100 pagg.
|b online resource.
|
| 336 |
|
|
|a text
|b txt
|2 rdacontent
|
| 337 |
|
|
|a computer
|b c
|2 rdamedia
|
| 338 |
|
|
|a online resource
|b cr
|2 rdacarrier
|
| 347 |
|
|
|a text file
|b PDF
|2 rda
|
| 505 |
0 |
|
|a Introduzione -- La personalità -- L’autonomia funzionale e la motivazione -- Il contesto -- La gestionte dello stress -- Razionalità, emozioni e comportamento -- Essere e progettare -- Il fitness cognitivo-emotivo -- Riconoscere e gestire i problemi.
|
| 520 |
|
|
|a Uno degli interrogativi più pregnanti della moderna psicologia è quello inerente alle potenzialità umane: perché un individuo è più forte, più agile, più dinamico e creativo rispetto ad un altro pur avendo lo stesso quoziente intellettivo? Quali sono i fattori che rendono una persona meno vulnerabile allo sviluppo di condizioni di disagio psichico? Quali sono i fattori che rendono una persona più brillante ed efficace? Come si può accrescere il proprio talento, essere leader di se stessi? È questa la vera sfida della psicologia del positivo che, avendo superato i legami con il modello del patologico, si pone come paradigma fondamentale per lo sviluppo di stili di vita vincenti attraverso percorsi formativi innovativi. Il cambiamento di prospettiva è determinante e radicale; oggi si parte dal presupposto che la mente umana, nei suoi aspetti cognitivi ed emotivi, possieda le energie sufficienti allo sviluppo di personalità mature ed efficaci, con confini ben strutturati e un Io consapevole e forte. L’autoefficacia esprime le grandi potenzialità della mente umana di rappresentare se stessi in modo coerente, in un dinamismo continuo e positivo, in grado di rendere l’individuo resiliente, capace di autodeterminarsi rispetto alle difficoltà della vita quotidiana. La gestione dello stress si apre a nuove dimensioni, non appare più come una semplice “resistenza”alle avversità e alle difficoltà della vita, quanto una nuova modalità di gestirsi in termini proattivi, che porta ad avere una visione del mondo più positiva e ottimistica.
|
| 650 |
|
0 |
|a Psychology.
|
| 650 |
|
0 |
|a Business.
|
| 650 |
|
0 |
|a Management science.
|
| 650 |
|
0 |
|a Management.
|
| 650 |
|
0 |
|a Psychiatry.
|
| 650 |
|
0 |
|a Industrial psychology.
|
| 650 |
1 |
4 |
|a Psychology.
|
| 650 |
2 |
4 |
|a Psychology, general.
|
| 650 |
2 |
4 |
|a Management.
|
| 650 |
2 |
4 |
|a Business and Management, general.
|
| 650 |
2 |
4 |
|a Industrial, Organisational and Economic Psychology.
|
| 650 |
2 |
4 |
|a Psychiatry.
|
| 710 |
2 |
|
|a SpringerLink (Online service)
|
| 773 |
0 |
|
|t Springer eBooks
|
| 776 |
0 |
8 |
|i Printed edition:
|z 9788847015265
|
| 856 |
4 |
0 |
|u http://dx.doi.org/10.1007/978-88-470-1527-2
|z Full Text via HEAL-Link
|
| 912 |
|
|
|a ZDB-2-BHS
|
| 950 |
|
|
|a Behavioral Science (Springer-11640)
|